Інформаційні системи і структури даних навч. посіб. для студ. вищих навч. закл

Đã lưu trong:
Chi tiết về thư mục
Tác giả của công ty: Нац. ун-т "Києво-Могилянська академія"
Tác giả khác: Перевозчикова, О.Л. (Ольга Леонідівна) (автор)
Định dạng: Sách
Ngôn ngữ:Tiếng Ukraina
Được phát hành: К. : Видавничий дім "Києво-Могилянська академія" 2007
Những chủ đề:
Các nhãn: Thêm thẻ
Không có thẻ, Là người đầu tiên thẻ bản ghi này!

MARC

LEADER 00000nam a2200000 i 4500
001 in00000000901
005 20251126075723.8
002 526836/П27-116149
008 080215s2007 unr l000 0yukr d
020 |a 9665183931  |c 21.30 грн 
035 |a ( UA-KiNSAL)526836/П27-116149 
040 |a UA-KiNSAL  |b ukr  |c UA-KiNSAL 
080 |a 681.518+004.32(075.8) 
090 |a 681.518+004.32(075.8)  |b П27 
100 1 |a Перевозчикова, О.Л.  |q (Ольга Леонідівна),   |e автор. 
245 1 0 |a Інформаційні системи і структури даних :   |b навч. посіб. для студ. вищих навч. закл. /   |c О. Л. Перевозчикова; Нац. ун-т "Києво-Могилянська академія" 
260 |a К. :   |b Видавничий дім "Києво-Могилянська академія",  |c 2007 
300 |a 288с. 
504 |a Бібліогр.: с. 286-287 
530 |a Original record   |u https://kubg.libs.net.ua/kubg_recs/0000020266.txt 
650 0 4 |a Комп'ютери  |x Підручники, посібники 
710 2 1 |a Нац. ун-т "Києво-Могилянська академія" 
942 |2 UDC  |c BK 
952 |b книга  |z 20080215  |i 526836  |j 526836/П27-116149  |o 681.518+004.32(075.8) П27  |a 5  |g 21.30  |c 1 
920 |a PAZK 
961 |a 691 
991 0 0 |a 526836/П27-116149 
997 |a 0000020266 
998 |a 20266 
999 f f |i 9decd1e3-4e9b-4cb7-a33e-8bebb627fa19  |s e955b8ff-45c0-443d-8a82-ad394ec3d376  |t 0